000 00449nam a2200169 i 4500
001 145924
003 ES-MaACL
005 20230906201347.0
007 t|
008 071018s1969 sp ||||1| cat d
100 1 _aVerdaguer, Pere.
_9114002
245 1 3 _aEl mirall de protozous /
_cPere Verdaguer.
250 _a1ยช ed.
260 _a[Barcelona :
_bEdicions 62],
_c1969.
300 _a110 p. ;
_c20 cm.
852 _aES-MaACL
_jC-39661
_bR.72070
999 _c145924
_d145924